New Super Luigi U Levels by Luigi Sighting - Statistics

General Stats
  • This quiz has been taken 4 times
  • The average score is 12 of 83
Answer Stats
Picture Answer % Correct
Cooligan Shrooms
100%
All Aboard!
50%
Beanstalk Jungle
50%
Cheep Chomp Chase
50%
Crooked Cavern
50%
Fliprus Foes
50%
Flying Squirrel Ovation
50%
Haunted Cargo Hold
50%
Hot Cogs
50%
Impossible Pendulums
50%
Lemmy's Lights-Out Castle
50%
Mount Fuzzy
50%
Painted Pipeworks
50%
Peek-a-Boo Ghost House
50%
Piranha Gardens
50%
Piranha Heights
50%
Roy's Ironclad Castle
50%
Spine Coaster Connections
50%
Stonecrush Tower
50%
The Great Geysers
50%
The Walls Have Eyes
50%
Underground Grrrols
50%
Waddlewing Warning!
50%
Above the Bouncy Clouds
0%
Boo's Favorite Haunt
0%
Bowser Jr. Showdown
0%
Broozers and Barrels
0%
Cloudy Capers
0%
Current Event
0%
Dancing Blocks, Poison Swamp
0%
Deepsea Stone-Eyes
0%
Dragoneel Depths
0%
Fire and Ice
0%
Fire Bar Sprint
0%
Firefall Rising
0%
Flame Chomp Ferris Wheel
0%
Flame-Gear Tower
0%
Flying Squirrel Ovation
0%
Frozen Fuzzies
0%
Giant Swing Along
0%
Hammerswing Hangout
0%
Heart of Bramball Woods
0%
Huckit Beach Resort
0%
Ice-Slide Expressway
0%
Icicle Tower
0%
Iggy's Swinging-Chains Castle
0%
Larry's Trigger-Happy Castle
0%
Light-Up-Lift Tower
0%
Ludwig's Block-Press Castle
0%
Magma Moat
0%
Magmaw River Cruise
0%
Morton's Lava-Block Castle
0%
Para-Beetle Parade
0%
Piranhas in the Dark
0%
Porcupuffer Cavern
0%
P Switch Peril
0%
Rainbow Skywalk
0%
Rising Piranhas
0%
Rolling Yoshi Hills
0%
Shish-Kebab Tower
0%
Slippery Rope Ladders
0%
Smashing-Stone Tower
0%
Spike's Seesaws
0%
Spike's Tumbling Desert
0%
Spine Coaster Stowaways
0%
Spinning Sandstones
0%
Star Coin Deep Dive
0%
Stone-Snake Tower
0%
Stone Spike Conveyors
0%
Sumo Bro Bridge
0%
Sumo Bro's Spinning Tower
0%
Switch-Lift Express
0%
The Final Battle
0%
Three-Headed Snake Block
0%
Under Construction
0%
Urchin Reef Romp
0%
Vanishing Ghost House
0%
Waterspout Sprint
0%
Weighty Waddlewings
0%
Wendy's Thwomp Castle
0%
Wiggler Floodlands
0%
Wiggler Rodeo
0%
Wind-Up Tower
0%
No matching quizzes found
Score Distribution
Percent of People with Each Score
Percentile by Number Answered
Your Score History
You have not taken this quiz